1891 1189 1945 1803 1285 1902 1235 1646 1082 1813 1861 1623 1468 1710 1976 1082 1566 1265 1728 1562 1822 1625 1128 1804 1199 1431 1094 1939 1331 1411 1252 1173 1765 1328 1507 1505 1354 1386 1400 1694 1806 1659 1178 1464 1245 1816 1367 1315 1428 1624 1534 1264 1259 1370 1841 1258 1188 1548 1514 1876 1887 1257 1680 1386 1216 1043 1140 1637 1960 1058 1070 1447 1232 1624 1007 1505 1190 1148 1334 1980 1546 1300 1331 1084 1944 1090 1459 1272 1533 1438 1395 1435 1706 1457 1118 1591 1459 1350 1828 BCNSPRNW ULIB Ver.6.0+V

เปลี่ยนเป็นภาษาไทย

Change to English
 แสดงรายละเอียดบรรณานุกรม
  กลับหน้าหลัก

Brief Record : Get Marc (ISO 2709) : E-mail record : QR code < ปิดหน้าต่าง
LEADER : 00000nas 2200000uu 4500
001    13399114426
003     ULIB
008    020711s|||| th a 000 0 tha d
022    ^a08591083
110    ^aสำนักงานป้องกันควบคุมโรคที่ 5 จังหวัดนครราชสีมา
245    ^aวารสารวิชาการสำนักงานป้องกันควบคุมโรคที่ 5 จังหวัดนครราชสีมา /^cสำนักงานป้องกันควบคุมโรคที่ 5 จังหวัดนครราชสีมา
260    ^aนครราชสีมา :^bสำนักงานป้องกันควบคุมโรคที่ 5 จังหวัดนครราชสีมา,^cม.ป.ป.
310    ^aรายสี่เดือน
850 ^a ULIB^bฉบับที่ 1 ปีที่ 18 ;ฉบับที่ 1 ปีที่ 19 ;ฉบับที่ 2 ปีที่ 19
850 ^a ULIB:campus^bฉบับที่ 3 ปีที่ 18 ;ฉบับที่ 2 ปีที่ 18
945    ^p0^l0^i900261
945    ^p0^l0^i800330
945    ^p0^l0^i800328
945    ^p0^l0^i901160
945    ^p0^l0^i901575
รายการนี้ยังไม่มีแท็ก
คุณยังไม่ได้ล็อกอิน คุณสามารถมีกิจกรรมร่วมกับเว็บไซต์ได้ แต่ต้องล็อกอินก่อน ::
  ล็อกอิน

รายการสื่อสารสนเทศ (วารสาร)

ดูแบบ: กล่อง รายการ
ARRIVED
ฉบับที่ 1 ปีที่ 18
สถานที่: ห้องสมุดวิทยาเขตสวรรค์ประชารักษ์ >วารสาร
ARRIVED
ฉบับที่ 2 ปีที่ 18
สถานที่: ห้องสมุดวิทยาเขตสวรรค์ประชารักษ์ >วารสาร
ARRIVED
ฉบับที่ 3 ปีที่ 18
สถานที่: ห้องสมุดวิทยาเขตสวรรค์ประชารักษ์ >วารสาร
ARRIVED
ฉบับที่ 1 ปีที่ 19
สถานที่: ห้องสมุดวิทยาเขตสวรรค์ประชารักษ์ >วารสาร
ARRIVED
ฉบับที่ 2 ปีที่ 19
สถานที่: ห้องสมุดวิทยาเขตสวรรค์ประชารักษ์ >วารสาร
รายการใกล้เคียง
    ผู้แต่ง []

BibComment


ยังไม่เคยถูกคอมเมนท์

คอมเมนท์ทรัพยากรรายการนี้
  คอมเมนท์: วารสารวิชาการสำน..


 Copyright 2026. Bcnsprnw @Library